000 01580cam a2200289 i 4500
999 _c13806
_d13806
020 _a9789814947657
050 0 0 _aPZ7.7.P53
082 0 0 _aFic. P639d 2021 Bk.10
_223
100 1 _aPilkey, Dav,
_d1966-
245 1 0 _aDog man :
_bmothering heights /
_cwritten and illustrated by Dav Pilkey as George Beard and Harold Hutchins ; with color by Jose Garibaldi.
260 _aSingapore
_bScholastic
_cc2021
300 _a219 pages :
_bcolor illustrations ;
_c21 x 13.5 cm.
337 _aunmediated
_bn
490 0 _aDog Man ;
_v9
504 _aLexile level - 260
505 0 _aMeet the cast -- The line of duty -- The cone of shame -- Escape from cat jail -- Cone of destiny -- Bring on the bullies -- The playdate -- A bunch stuff that happened next -- Becoming Petey -- The bad old days -- Night of the living sippy cups -- Where it all began -- Big fight -- The most romantic chapter ever written -- Meanwhile, back at the terrifying battle -- The memory of love's refrain
520 _aDog Man is down on his luck, Petey confronts his not so purr-fect past, and Grampa is up to no good. The world is spinning out of control as new villains spill into town. Everything seems dark and full of despair. But hope is not lost. Can the incredible power of love save the day?
526 _aFICTION
650 1 _aGraphic novels.
650 1 _aHumorous stories.
650 1 _aDogs -- Juvenile fiction.
650 1 _aCats -- Juvenile fiction.
650 1 _aPolice -- Juvenile fiction.
650 1 _aAdventure and adventurers.
700 1 _aGaribaldi, Jose,
942 _2ddc
_cBK